| 000 | 00496nam a2200169Ia 4500 | ||
|---|---|---|---|
| 999 |
_c6079 _d6079 |
||
| 003 | OSt | ||
| 005 | 20200122151925.0 | ||
| 008 | 190216s9999||||xx |||||||||||||| ||und|| | ||
| 020 | _a0074517805 | ||
| 040 | _coclc | ||
| 082 |
_a659.1 _bMOH/A |
||
| 100 |
_a Mohan, Manendra _91436 |
||
| 245 | 0 |
_aAdvertising Management / _cManendra Mohan |
|
| 260 |
_bTata McGraw Hill Publishing Company, _c2000. _aNew Delhi: |
||
| 300 | _a418p | ||
| 942 |
_cBK _2ddc _h659.1 _iMOH/A _k659.1 _mMOH/A |
||